banner koha

Padrões de distribuição geográfica das espécies de Euploca e Heliotropium (Heliotropiaceae) no Brasil (Registro n. 328700)

MARC details
000 -LÍDER
fixed length control field 02816nab a2200265 i 4500
003 - CÓDIGO MARC DA AGÊNCIA CATALOGADORA
Campo de controle BR-BrBNA
005 - DATA E HORA DA ÚLTIMA ATUALIZAÇÃO
Campo de controle 20241118152751.0
008 - CAMPO DE TAMANHO FIXO
fixed length control field 241118b2009 bl.qr|pooa||| 00| 0 por |
040 ## - FONTE DA CATALOGAÇÃO
Agência catalogadora BR-BrBNA
Idioma da catalogação por
072 ## - CATEGORIA AGRIS
Código AGRIS F70
100 ## - ENTRADA PRINCIPAL - NOME PESSOAL
Nome pessoal Melo, José Iranildo Miranda de
100 ## - ENTRADA PRINCIPAL - NOME PESSOAL
Nome pessoal Alves, Marccus
100 ## - ENTRADA PRINCIPAL - NOME PESSOAL
Nome pessoal Semir, João
245 ## - TÍTULO PRINCIPAL
Título principal Padrões de distribuição geográfica das espécies de Euploca e Heliotropium (Heliotropiaceae) no Brasil
500 ## - NOTA GERAL
Nota geral Publicação on-line; 41 ref.; 2 tables; 2 illus.; Summaries (En, Pt)
942 ## - ADDED ENTRY ELEMENTS (KOHA)
Koha item type Analítica
520 ## - NOTA DE RESUMO
Nota de conteúdo <br/><br/>RESUMO<br/><br/>(Padrões de distribuição geográfica das espécies de Euploca e Heliotropium (Heliotropiaceae) no Brasil)<br/>Baseando-se na análise de espécimes advindos de 71 herbários nacionais e estrangeiros, trabalhos de campo<br/>e literatura especializada, foram determinados os padrões de distribuição geográfica das espécies dos gêneros<br/>Euploca e Heliotropium no Brasil. Foram detectados quatro padrões de distribuição geográfica e onze<br/>padrões biogeográficos. O centro de diversidade das espécies de Euploca no Brasil é a Região Nordeste. As<br/>espécies do gênero Heliotropium concentram-se, na sua maioria, na Região Sul, com o estado do Rio Grande<br/>do Sul representando o centro de diversidade do gênero no país. São apresentadas tabelas, mapas e discussões<br/>sobre a distribuição e respectivos padrões biogeográficos reconhecidos.<br/><br/>Palavras-chave: Angiospermas, neotrópicos, padrões biogeográficos.
520 ## - NOTA DE RESUMO
Nota de conteúdo <br/><br/>ABSTRACT<br/><br/>(Geographic distribution patterns of species of Euploca and Heliotropium (Heliotropiaceae) in Brazil) Based<br/>on an analysis of specimens from seventy-one national and international herbaria, field work and specialized<br/>literature, geographic distribution patterns of the species of the genera Euploca and Heliotropium in Brazil<br/>were determinate. Four geographic patterns and eleven biogeographic patterns were detected. The center of<br/>diversity of Euploca, in Brazil, is in the Northeast region. Species of the genus Heliotropium occur generally<br/>in the South region, with the center of diversity of the genus being found in Rio Grande do Sul State. Tables,<br/>maps and a discussion about the respective distribution and biogeographic patterns uncovered in this study<br/>are presented.<br/><br/>Key words: flowering plants, neotropics, biogeography patterns.
650 ## - ASSUNTO - THESAGRO
Cabeçalho tópico ou nome geográfico PLANTA ANGIOSPERMA
650 ## - ASSUNTO - THESAGRO
Cabeçalho tópico ou nome geográfico BIOGEOGRAFIA
650 ## - ASSUNTO - THESAGRO
Cabeçalho tópico ou nome geográfico DISTRIBUIÇÃO GEOGRÁFICA
773 0# - ENTRADA ANALÍTICA
Host Biblionumber 709
Registro do item 346384
Imprenta Rio de Janeiro-RJ Jardim Botanico do Rio de Janeiro 1935
Outro identificador 2024-7053
Título Rodriguésia (Brazil)
ISSN 0370-6583; 2175-7860 on-line
Colação v. 60(4) p. 1025-1036; (2009)
Número de controle de registro BR2024003596
856 ## - ACESSO E ENDEREÇO ELETRÔNICO
Identificador uniforme de recurso - URI https://www.scielo.br/j/rod/a/Dq7ZQ8435dNNxYDwK97SXDd/?format=pdf&lang=pt

Nenhum exemplar disponível.

BINAGRI

Telefone: (61)3218-2567/2388/3357/2097 - binagri@agro.gov.br

Ministério da Agricultura e Pecuária , Esplanada dos Ministérios, Bloco D, Anexo B, Brasília/DF, CEP: 70.043-900